| 000 | 01248cam a22003617i 4500 | ||
|---|---|---|---|
| 999 |
_c28022 _d27993 |
||
| 001 | 20940166 | ||
| 003 | EG-ScBUE | ||
| 005 | 20200210104533.0 | ||
| 008 | 190129t2019 enka f b 001 0 eng d | ||
| 020 | _a9781911116318 | ||
| 035 | _a(OCoLC)on1048283575 | ||
| 040 |
_aYDX _beng _erda _cYDX _dOCLCQ _dBDX _dUKMGB _dOCLCO _dOCLCF _dYDXIT _dUAB _dDLC _dEG-ScBUE |
||
| 082 | 0 | 4 |
_a330 _bWIL _222 |
| 100 | 1 |
_aWilliams, Colin C., _d1961- _eauthor. |
|
| 245 | 1 | 4 |
_aThe informal economy / _cColin C. Williams. |
| 264 | 1 |
_aNewcastle upon Tyne : _bAgenda Publishing Limited, _c[2019] |
|
| 264 | 4 | _cc2019 | |
| 300 |
_av, 154 pages : _billustrations ; _c22 cm. |
||
| 336 |
_atext _btxt _2rdacontent |
||
| 336 |
_astill image _bsti _2rdacontent |
||
| 337 |
_aunmediated _bn _2rdamedia |
||
| 338 |
_avolume _bnc _2rdacarrier |
||
| 490 | 0 | _aThe economy, key ideas | |
| 504 | _aIncludes bibliographical references and index. | ||
| 650 | 7 |
_aInformal sector (Economics) _2BUEsh |
|
| 653 |
_bBUSECO _cFebruary2020 |
||
| 655 | _vReading book | ||
| 906 |
_a7 _bcbc _ccopycat _d3 _encip _f20 _gy-gencatlg |
||
| 942 |
_2ddc _cBB |
||